Indian books in print 1979 (Record no. 353496)

000 -LEADER
fixed length control field 00347cam a22001217a 4500
008 - FIXED-LENGTH DATA ELEMENTS--GENERAL INFORMATION
fixed length control field 180718b1979 xxu||||| |||| 00| 0 eng d
082 ## - DEWEY DECIMAL CLASSIFICATION NUMBER
Classification number R A2x54 Si64/79
100 ## - MAIN ENTRY--PERSONAL NAME
Personal name Singh, Sher
245 ## - TITLE STATEMENT
Title Indian books in print 1979
Statement of responsibility, etc. by Sher Singh
260 ## - PUBLICATION, DISTRIBUTION, ETC.
Place of publication, distribution, etc. Delhi
Name of publisher, distributor, etc. Indian Bibliographics Bureau
Date of publication, distribution, etc. 1979
300 ## - PHYSICAL DESCRIPTION
Extent 3 vols.
650 ## - SUBJECT ADDED ENTRY--TOPICAL TERM
Topical term or geographic name entry element Indian - Bibliography
Holdings
Withdrawn status Lost status Damaged status Not for loan Permanent Location Current Location Date acquired Full call number Barcode Date last seen Price effective from Koha item type
        Indian Institute of Public Administration Indian Institute of Public Administration 1993-12-03 R A2x54 Si64/79 54966 2018-07-21 2018-07-21 Book

Powered by Koha